[Event "Stay Safe Play From Home 363"]
[Site "Emanuel Lasker Arena"]
[Date "2020.08.06"]
[Round "8"]
[White "Hickey"]
[Black "Joroger"]
[Result "1-0"]
[WhiteElo "2040"]
[BlackElo "1813"]
[Annotator "RC"]
[PlyCount "117"]
[EventDate "2020.08.06"]
[EventType "swiss (blitz)"]

1. Nf3 {[%emt 0:00:02]} Nf6 {[%emt 0:00:03]} 2. g3 {[%emt 0:00:01]} g6 {[%emt 0:00:01]} 3. Bg2 {[%emt 0:00:01]} Bg7 {[%emt 0:00:02]} 4. O-O {[%emt 0:00:00]} d5 {[%emt 0:00:01]} 5. b3 {[%emt 0:00:01]} c5 {[%emt 0:00:02]} 6. Bb2 {[%emt 0:00:01]} O-O {[%emt 0:00:01]} 7. d3 {[%emt 0:00:09]} Nc6 {[%emt 0:00:01]} 8. Nbd2 {[%emt 0:00:01]} Qc7 {[%emt 0:00:03]} 9. c4 {[%emt 0:00:03]} d4 {[%emt 0:00:05]} 10. Ne4 {[%emt 0:00:04]} Ne5 {[%emt 0:00:09]} 11. Nxe5 {[%emt 0:00:06]} Qxe5 {[%emt 0:00:01]} 12. Nxf6+ {[%emt 0:00:12]} Qxf6 {[%emt 0:00:07]} 13. e4 {[%emt 0:00:03]} Qd6 {[%emt 0:00:11]} 14. f4 {[%emt 0:00:02]} Qc7 {[%emt 0:00:05]} 15. Qe2 {[%emt 0:00:12]} Bd7 {[%emt 0:00:01]} 16. Rae1 {[%emt 0:00:03]} Bc6 {[%emt 0:00:01]} 17. h3 {[%emt 0:00:02]} Rad8 {[%emt 0:00:02]} 18. Kh2 {[%emt 0:00:01]} e6 {[%emt 0:00:04]} 19. f5 {[%emt 0:00:10]} Be5 {[%emt 0:00:08]} 20. Qf2 {[%emt 0:00:04]} exf5 {[%emt 0:00:23]} 21. exf5 {[%emt 0:00:00]} Rde8 {[%emt 0:00:01]} 22. Bc1 {[%emt 0:00:08]} Bd6 {[%emt 0:00:13]} 23. Bh6 {[%emt 0:00:09]} Rxe1 {[%emt 0:00:02]} 24. Rxe1 {[%emt 0:00:03]} Re8 {[%emt 0:00:04]} 25. Rf1 {[%emt 0:00:03]} Bxg2 {[%emt 0:00:03]} 26. Kxg2 {[%emt 0:00:05]} Qe7 {[%emt 0:00:05]} 27. fxg6 {[%emt 0:00:04]} fxg6 {[%emt 0:00:03]} 28. Bf4 {[%emt 0:00:05]} Bxf4 {[%emt 0:00:04]} 29. Qxf4 {[%emt 0:00:00]} Qe6 {[%emt 0:00:03]} 30. Rf2 {[%emt 0:00:02]} b6 {[%emt 0:00:04]} 31. h4 {[%emt 0:00:02]} Kg7 {[%emt 0:00:01]} 32. Qc7+ {[%emt 0:00:02]} Re7 {[%emt 0:00:01]} 33. Qb8 {[%emt 0:00:01]} Qc6+ {[%emt 0:00:02]} 34. Kh2 {[%emt 0:00:12]} Rf7 {[%emt 0:00:06]} 35. Rxf7+ {[%emt 0:00:02]} Kxf7 {[%emt 0:00:01]} 36. Qxa7+ {[%emt 0:00:01]} Kf6 {[%emt 0:00:04]} 37. Qb8 {[%emt 0:00:01]} Kg7 {[%emt 0:00:03]} 38. Qe5+ {[%emt 0:00:02]} Kg8 {[%emt 0:00:00]} 39. h5 {[%emt 0:00:01]} gxh5 {[%emt 0:00:05]} 40. Qxh5 {[%emt 0:00:00]} Qf6 {[%emt 0:00:03]} 41. Qd5+ {[%emt 0:00:04]} Kg7 {[%emt 0:00:01]} 42. Kg2 {[%emt 0:00:07]} Qe7 {[%emt 0:00:06]} 43. Qf3 {[%emt 0:00:08]} Qe1 {[%emt 0:00:02]} 44. Qg4+ {[%emt 0:00:02]} Kf7 {[%emt 0:00:02]} 45. Qf5+ {[%emt 0:00:01]} Kg7 {[%emt 0:00:01]} 46. Qd7+ {[%emt 0:00:02]} Kg6 {[%emt 0:00:00]} 47. Qc6+ {[%emt 0:00:02]} Kg7 {[%emt 0:00:00]} 48. Qe4 {[%emt 0:00:02]} Qd2+ {[%emt 0:00:01]} 49. Kh3 {[%emt 0:00:01]} Qh6+ {[%emt 0:00:01]} 50. Qh4 {[%emt 0:00:01]} Qd2 {[%emt 0:00:00]} 51. Qg4+ {[%emt 0:00:02]} Kh8 {[%emt 0:00:00]} 52. Qc8+ {[%emt 0:00:01]} Kg7 {[%emt 0:00:00]} 53. Qc7+ {[%emt 0:00:00]} Kg6 {[%emt 0:00:00]} 54. Qxb6+ {[%emt 0:00:00]} Kg7 {[%emt 0:00:00]} 55. Qxc5 {[%emt 0:00:00]} Kh6 {[%emt 0:00:00]} 56. Qd6+ {[%emt 0:00:01]} Kg7 {[%emt 0:00:01]} 57. Qxd4+ {[%emt 0:00:00]} Kg8 {[%emt 0:00:00]} 58. Qh4 {[%emt 0:00:00]} Kg7 {[%emt 0:00:01]} 59. Qg4+ {[%emt 0:00:00] Zeit Zeit Zeit Zeit Zeit (Lag: Av=0.59s, max=1.0s) (Lag: Av=0.59s, max=1.0s) (Lag: Av=0.59s, max=1.0s) (Lag: Av=0.59s, max=1.0s) (Lag: Av=0.59s, max=1.0s)} 1-0

[Event "Stay Safe Play From Home 363"]
[Site "Emanuel Lasker Arena"]
[Date "2020.08.06"]
[Round "8"]
[White "Chesstiger9"]
[Black "Padmaesh M K"]
[Result "1-0"]
[WhiteElo "1956"]
[BlackElo "1841"]
[Annotator "TA"]
[PlyCount "115"]
[EventDate "2020.08.06"]
[EventType "swiss (blitz)"]

{[%evp 13,115,0,10,-7,41,5,8,0,0,-14,-8,-15,0,0,0,0,22,-9,0,0,6,15,14,9,10,12,84,82,85,79,111,94,148,143,143,143,140,129,114,103,100,106,135,136,193,146,146,150,215,215,247,238,300,205,465,291,242,168,179,155,185,191,193,195,195,190,221,223,220,93,137,109,139,64,92,11,22,0,0,0,0,0,37,0,714,648,2954,4593,29968,29968,29967,29967,29973,29,29,29,29,29,29990,29982,29982,29983,29983,29984]} 1. e4 c5 2. Nf3 d6 3. d4 cxd4 4. Qxd4 Nf6 5. Nc3 Nc6 6. Bb5 Bd7 7. Bxc6 Bxc6 8. O-O {B53: Sicilian: 2...d6: Lines with Qxd4.} Qc7 9. Re1 e6 {[#]} 10. h3 $146 {The position is equal.} ({Predecessor:} 10. Nd5 Qd8 11. Bg5 Be7 12. Nxe7 Qxe7 13. Rad1 Rd8 14. Qxa7 h6 15. Bxf6 Qxf6 16. Nd4 {1-0 (25) Vedder,H (2340)-Cuypers,D (1847) Vlissingen 2017}) 10... Be7 11. a4 O-O 12. Qd3 Rad8 13. Bf4 Qb6 14. a5 Qc7 15. Qc4 Qd7 16. e5 d5 17. Qe2 $36 {[%mdl 2048] White has the initiative.} Ne4 18. Nxe4 dxe4 19. Nd2 Bb4 (19... f5 $11 {keeps the balance.} 20. exf6 Rxf6) 20. c3 $16 Be7 21. Nxe4 Qd5 22. f3 Qb5 (22... Qd3 $142) 23. Qxb5 Bxb5 24. Nd6 Bc6 25. Red1 f6 26. Bg3 fxe5 27. Bxe5 Bf6 28. Bxf6 Rxf6 (28... gxf6 $16 {is a better defense.} 29. c4 Rd7) 29. Ne4 Rff8 30. Nc5 Rde8 (30... Kf7 $16 31. Re1 Rd6) 31. Rd6 $18 Rf5 32. b4 Rg5 33. Kf2 {And now a6 would win.} ({Much less strong is} 33. Rxe6 Rxe6 34. Nxe6 Rd5 $18) ({Not} 33. Nxe6 Rg6 $16) 33... e5 $2 (33... Rd5 34. Rxe6 Rxe6 35. Nxe6 Rd2+ 36. Kg3 Rc2) 34. Rad1 e4 35. Rd8 e3+ {[#]} 36. Kg1 $1 e2 37. Rxe8+ Bxe8 {[%mdl 4096] Endgame KRB-KRN} 38. Re1 Bb5 39. Kf2 b6 40. axb6 axb6 {[#]} 41. Ne4 (41. Ne6 $1 $18 {[%cal Re6g5] has better winning chances.} Re5 42. Nd4) 41... Rg6 42. g4 Rc6 43. Ke3 (43. Rc1 $16) 43... Kf7 44. Kd4 ({White should play} 44. Rc1 $16) 44... Ke6 $11 45. Ng3 Rc4+ 46. Ke3 Rxc3+ 47. Kf2 Rc2 (47... Rb3 {keeps more tension.} 48. Nxe2 Rb2 49. Ke3 Bxe2 50. Rxe2 Rxb4 51. Ra2 b5) 48. Nxe2 (48. Nf5 {is more complex.} Ke5 49. f4+ Kxf4 50. Nd4 Rc3 51. Nxb5 Rxh3 52. Nd4) 48... Rxe2+ $2 {[%mdl 8192]} (48... Rb2 $11) 49. Rxe2+ $18 Bxe2 50. Kxe2 $14 {KP-KP} b5 51. f4 Kd5 52. Ke3 g6 53. f5 $2 (53. Kd3 {mates} Ke6 54. Kd4 Kd6 55. f5 gxf5 56. gxf5 Ke7 57. Kc5 Kf6 58. Kxb5) 53... gxf5 $11 54. gxf5 Ke5 55. f6 Kf5 $2 {[%mdl 8192]} (55... Kxf6 $11 56. Kd4 h5) 56. Kd4 {White mates.} Kxf6 57. Kc5 Ke6 58. Kxb5 {Accuracy: White = 58%, Black = 47%.} 1-0

[Event "Stay Safe Play From Home 363"]
[Site "Emanuel Lasker Arena"]
[Date "2020.08.06"]
[Round "8"]
[White "Greblah"]
[Black "Lazieri3"]
[Result "1/2-1/2"]
[WhiteElo "1908"]
[BlackElo "1989"]
[Annotator "TA"]
[PlyCount "145"]
[EventDate "2020.08.06"]
[EventType "swiss (blitz)"]

{[%evp 12,145,20,23,29,14,18,0,0,-20,0,0,7,2,90,37,25,19,29,32,20,29,39,10,14,5,45,45,49,41,41,36,50,-13,-20,-152,-164,-426,-413,-678,-670,-847,-436,-398,0,0,0,0,135,128,147,0,0,-12,0,0,0,0,0,0,0,-17,-14,-39,-39,-100,-83,-135,-39,-39,-24,-27,-26,-137,-23,-369,-355,-360,-372,-361,-336,-322,-208,-681,-656,-614,-577,-1036,-82,-6597,-5709,-2773,-2022,-29970,-29972,-29975,-29976,-29975,-29976,-29975,-29972,-29987,-29982,-29983,-29984,-29985,-29984,-29984,-29985,-29985,-29986,-29986,-29987,-29987,-29988,-29987,-29988,-29990,-29987,-29987,-29988,-29988,-29989,-29992,-29990,-29992,-29992,-29993,-29990,-29989,-29990,-29990,-29990,-29992,0,-29992]} 1. e4 c6 2. d4 d5 3. exd5 cxd5 4. Bd3 Nc6 5. c3 Nf6 6. Ne2 Bg4 7. O-O e6 {B13: Caro-Kann: Exchange Variation and Panov-Botvinnik Attack.} 8. Qe1 Bd6 9. f3 Bh5 $1 10. Qh4 Bg6 11. Bxg6 fxg6 {[#]} 12. Nf4 $146 ({Predecessor:} 12. Bf4 O-O 13. Bxd6 Qxd6 14. Qg3 e5 15. dxe5 Nxe5 16. Nd4 Rae8 17. Nd2 Nh5 18. Qf2 {1-0 (49) Villalba,M (2258)-Abdulla,K (2263) chess.com INT 2020}) 12... Qd7 {[#]} (12... Kf7 $11) 13. Nxg6 (13. Nxe6 $1 $16 {[%mdl 512]} Kf7 (13... Qxe6 14. Re1) 14. Nc5 Bxc5 15. dxc5) 13... Rg8 $14 14. Ne5 Nxe5 15. dxe5 Bxe5 16. Re1 Bd6 17. Bg5 O-O-O 18. Nd2 Rdf8 19. c4 h6 20. Be3 $1 Kb8 21. Qf2 a6 22. h3 ({Better is} 22. Qe2 $14) 22... g5 $11 {Threatening ...g4!} 23. Ba7+ (23. Qe2 $11 {keeps the balance.}) 23... Ka8 $17 24. Bc5 $2 {[#]} (24. cxd5 {was necessary.} exd5 25. Qd4) 24... g4 $1 $19 {[%cal Rg4h3][%mdl 512] Threatens to win with ...gxh3.} 25. hxg4 {[#]} (25. Bxd6 $142 Qxd6 26. hxg4 Nxg4 {[%mdl 64] Pin} 27. Qh4) (25. fxg4 Ne4) 25... Nxg4 $1 {[%mdl 576] Pin} 26. Qd4 (26. fxg4 Rxf2) 26... Bxc5 27. Qxc5 Rc8 $2 ({Black should try} 27... Qg7 $1 $19 28. Kh1 Rf5) 28. Qd4 $11 e5 29. Qxd5 Qxd5 (29... Qg7 $1 $11 {remains equal.} 30. Qe4 (30. fxg4 Rcd8 $11) 30... Ne3 $1 {[%mdl 576] Decoy}) 30. cxd5 $16 {Hoping for Ne4.} Rc2 31. fxg4 ({Of course not} 31. Ne4 $6 Nf6 $11) (31. Rad1 $1 $16 Nf6 32. Rxe5) 31... Rxd2 {[%mdl 4096] Endgame KRR-KRR} 32. Re4 Rxd5 33. Rae1 Rg5 34. R1e2 Kb8 35. Kf2 Kc7 36. g3 Kd6 37. b3 Rd3 38. Kg2 ({Only move:} 38. Re1 $1 $15) 38... b5 $17 39. Kh3 (39. Kf2 $142) 39... Rd1 (39... Kd5 $17 40. Re1 Rd2) 40. Kg2 $15 Kd5 41. Kf3 Rd3+ 42. Kg2 {Black continues to play with concentration.} (42. R2e3 $1 $11 {was the only way to keep the balance.} Rd4 43. Re2) 42... Rd4 (42... h5 $1 $17 43. gxh5 Rdxg3+ 44. Kh2 Rg2+ $1 {[%mdl 512]} 45. Kh3 Rxe2 46. Rxe2 Rxh5+ 47. Kg4 Rh6) 43. Rxd4+ $4 {[%mdl 8192]} (43. Kf3 $11 {and White has nothing to worry.}) 43... exd4 $11 {KR-KR} ({Stronger than} 43... Kxd4 44. Kf3 $11) 44. Kf3 Re5 45. Rd2 Re3+ 46. Kf4 Re1 {( -> ...Rf1+)} 47. g5 $2 (47. Kf3) 47... Rf1+ $19 48. Kg4 {g6 is the strong threat.} hxg5 49. Kxg5 Rg1 $2 (49... Ke4 $19 50. Re2+ Kf3 $1 {[%mdl 512]}) 50. g4 $2 {[%mdl 8192]} (50. Kf4 $17) 50... Ke4 51. Re2+ {[#]} Kf3 $1 {[%mdl 512]} 52. Re6 Rxg4+ 53. Kf5 Rf4+ 54. Kg5 d3 55. Rd6 {[#]} Ke3 $1 56. Rxa6 Rd4 57. Re6+ Kf2 58. Rf6+ Kg2 59. Re6 d2 60. Re2+ Kf3 61. Rxd2 Rxd2 62. Kf5 Rxa2 {KR-KP} 63. Ke5 Rb2 64. b4 Rb3 65. Kd5 Rxb4 {KR-K} 66. Kc5 Rb1 67. Kd4 Ke2 68. Kc3 Ke3 69. Kc2 Re1 70. Kc3 Rd1 71. Kb4 Rd4+ 72. Kc5 Rd5+ $2 (72... b4 {mates} 73. Kc6 b3 74. Kb5 b2 75. Kc5 b1=Q 76. Kc6 Qc2+ 77. Kb5 Qc3 78. Ka6 Qb3 79. Ka7 Ra4#) 73. Kb4 $2 {[%mdl 40960] Accuracy: White = 47%, Black = 68%. . An unexpected result.} (73. Kxd5 $11 Kf4 74. Kd4) 1/2-1/2

[Event "Stay Safe Play From Home 363"]
[Site "Emanuel Lasker Arena"]
[Date "2020.08.06"]
[Round "8"]
[White "Timbre"]
[Black "Klasman"]
[Result "0-1"]
[WhiteElo "1593"]
[BlackElo "1549"]
[Annotator "NA RC"]
[PlyCount "55"]
[EventDate "2020.08.06"]
[EventType "swiss (blitz)"]

1. d4 {[%emt 0:00:03]} f5 {[%emt 0:00:01]} 2. Nf3 {[%emt 0:00:01]} Nf6 {[%emt 0:00:01]} 3. c3 {[%emt 0:00:01]} e6 {[%emt 0:00:01]} 4. Bf4 {[%emt 0:00:01]} d5 {[%emt 0:00:01]} 5. e3 {[%emt 0:00:01]} c5 {[%emt 0:00:01]} 6. Bb5+ {[%emt 0:00:03]} Nc6 {[%emt 0:00:01]} 7. Ne5 {[%emt 0:00:02]} Qb6 {[%emt 0:00:07]} 8. Bxc6+ {[%emt 0:00:05]} bxc6 {[%emt 0:00:03]} 9. Qc2 {[%emt 0:00:01]} Ba6 {[%emt 0:00:07]} 10. a3 {[%emt 0:00:05]} Bd6 {[%emt 0:00:02]} 11. Bg3 {[%emt 0:00:03]} Bxe5 {[%emt 0:00:02]} 12. Bxe5 {[%emt 0:00:02]} Ne4 {[%emt 0:00:10]} 13. Nd2 {[%emt 0:00:07]} O-O {[%emt 0:00:04]} 14. Nxe4 {[%emt 0:00:03]} fxe4 {[%emt 0:00:01]} 15. Bd6 {[%emt 0:00:08]} Rf7 {[%emt 0:00:24]} 16. dxc5 {[%emt 0:00:02]} Qd8 {[%emt 0:00:13]} 17. Qa4 {[%emt 0:00:03]} Bb5 {[%emt 0:00:09]} 18. Qc2 {[%emt 0:00:05]} a5 {[%emt 0:00:13]} 19. b3 {[%emt 0:00:06]} Qg5 {[%emt 0:00:05]} 20. g3 {[%emt 0:00:13]} Bd3 {[%emt 0:00:02]} 21. Qd2 {[%emt 0:00:02]} Qf5 {[%emt 0:00:11]} 22. O-O-O {[%emt 0:00:11]} Qxf2 {[%emt 0:00:04]} 23. Qxf2 {[%emt 0:00:03]} Rxf2 {[%emt 0:00:01]} 24. Rd2 {[%emt 0:00:01]} Rf3 {[%emt 0:00:03]} 25. Bf4 {[%emt 0:00:05]} h6 {[%emt 0:00:06]} 26. Rhd1 {[%emt 0:00:02]} g5 {[%emt 0:00:03]} 27. Be5 {[%emt 0:00:02]} Rxe3 {[%emt 0:00:02]} 28. Bd4 {[%emt 0:00:01] Timbre resigns Timbre resigns Timbre resigns Timbre resigns Timbre resigns (Lag: Av=0.38s, max=1.6s) (Lag: Av=0.38s, max=1.6s) (Lag: Av=0.38s, max=1.6s) (Lag: Av=0.38s, max=1.6s) (Lag: Av=0.38s, max=1.6s)} 0-1

[Event "Stay Safe Play From Home 363"]
[Site "Emanuel Lasker Arena"]
[Date "2020.08.06"]
[Round "9"]
[White "Lazieri3"]
[Black "SelamiSahin"]
[Result "0-1"]
[WhiteElo "1986"]
[BlackElo "2128"]
[Annotator "TA"]
[PlyCount "98"]
[EventDate "2020.08.06"]
[EventType "swiss (blitz)"]

{[%evp 9,97,22,22,18,13,13,19,17,32,14,39,-46,-55,-52,-44,-53,-47,-80,-79,-74,-70,-79,-66,-84,-53,-52,-48,-61,-60,-56,-53,-63,-59,-99,-82,-134,-128,-146,-120,-126,-73,-87,-70,-131,-80,-90,-93,-122,-128,-112,-85,-211,-236,-337,-326,-293,-247,-231,-242,-245,-213,-464,-461,-552,-257,-254,-217,-29976,-1004,-29983,-29984,-29989,-29989,-29991,-29992,-29992,-29993,-29994,-29995,-29995,-29996,-29996,-29995,-29997,-29997,-29997,-29998,-29998,-29999,-29999]} 1. e4 c6 2. d3 d5 3. Nc3 e5 4. Nf3 Bg4 5. Be2 d4 6. Nb1 $1 {B11: Caro-Kann: Two Knights Variation.} ({Inferior is} 6. Nxe5 Bxe2 7. Nxe2 Qa5+ 8. c3 dxc3 $17) 6... Bxf3 7. Bxf3 Nf6 8. O-O {The position is equal.} Nbd7 {[#]} 9. h3 $146 ({Predecessor:} 9. g3 c5 10. Nd2 b5 11. Bg2 a5 12. f4 Bd6 13. Nf3 O-O 14. fxe5 Nxe5 15. Bf4 {1-0 (26) Kubala,J-Banas,M Trencin 1995}) 9... Bd6 10. c4 (10. c3 $14) 10... O-O $15 11. Bg5 h6 12. Bh4 a5 13. a3 a4 14. Nd2 Nc5 15. Qc2 Re8 16. Be2 Be7 17. Bg3 Nfd7 18. f4 Bh4 19. Bh2 exf4 20. Bxf4 Bg5 21. Rf3 Ne5 22. Bxe5 ({White should try} 22. Rf2) 22... Rxe5 $17 23. Raf1 Be3+ 24. Kh1 f6 (24... Re7 $142 25. Rb1 g6) 25. Rf5 Qd6 26. R1f3 (26. Bh5 $15) 26... Rae8 ({Better is} 26... Rxf5 27. exf5 Bf4) 27. Nf1 {[%cal Bd2f1,Bf1h2,Bh2f3][%mdl 32]} Bg5 28. Nh2 Rxf5 29. Rxf5 Re5 30. Bg4 {Now White is beyond hope.} (30. Rf1 $17) 30... Rxf5 $19 31. Bxf5 (31. exf5 $142 Qg3 32. Be2) 31... Qf4 32. Nf3 Qc1+ 33. Qxc1 Bxc1 34. Nxd4 Bxb2 {[%mdl 4096] Endgame KBN-KBN} 35. Ne6 $2 (35. Nc2 {was forced.}) 35... Bxa3 36. d4 {[#]} Nxe6 (36... g6 $142 $1 {[%mdl 512]} 37. Bg4 (37. Bxg6 Nxe6) 37... Nxe4) 37. Bxe6+ {KB-KB} Kf8 {aiming for ...Bc5!} 38. d5 $2 (38. c5 $19) 38... Ke7 (38... Bc5 $142 39. h4 a3 40. Kh2 a2 41. dxc6 a1=Q 42. cxb7 Qe5+ 43. g3 Bd6 44. Kg2 Qxe4+ 45. Kf1 Qf3+ 46. Kg1 Bxg3 47. b8=R+ Bxb8 48. Bd5 Qe2 49. Bc6 Bh2+ 50. Kh1 Qf2 51. h5 Qg1#) 39. Bc8 Bc5 {Black mates.} 40. dxc6 bxc6 41. e5 a3 42. exf6+ Kxf6 43. Bb7 a2 44. Bxc6 a1=Q+ 45. Kh2 Qe5+ 46. Kh1 Qe1+ 47. Kh2 Bg1+ 48. Kh1 Bf2+ 49. Kh2 Qg1# {Accuracy: White = 51%, Black = 69%.} 0-1

[Event "Stay Safe Play From Home 363"]
[Site "Emanuel Lasker Arena"]
[Date "2020.08.06"]
[Round "9"]
[White "Greblah"]
[Black "Timbre"]
[Result "1-0"]
[WhiteElo "1912"]
[BlackElo "1573"]
[Annotator "TA"]
[PlyCount "69"]
[EventDate "2020.08.06"]
[EventType "swiss (blitz)"]

{[%evp 9,69,27,39,2,15,-6,32,17,39,35,41,40,43,33,58,56,78,93,95,67,68,43,50,49,47,6,42,17,105,107,104,32,81,70,117,82,82,82,316,216,485,50,268,-182,193,194,201,198,212,199,204,202,277,273,332,295,321,291,5418,5418,29962,29962]} 1. e4 c6 2. d4 d5 3. exd5 cxd5 4. Bd3 Nc6 5. c3 a6 6. Ne2 {B13: Caro-Kann: Exchange Variation and Panov-Botvinnik Attack.} Nf6 7. O-O Bg4 {[#]} 8. Qe1 $146 {White is slightly better.} ({Predecessor:} 8. f3 Bh5 9. Bf4 e6 10. Re1 Bd6 11. Nd2 O-O 12. Nf1 Qc7 13. Qd2 Rad8 14. Bg5 {0-1 (36) Uzzaman,A (1987)-Standen,J (1723) San Francisco 2013}) 8... Bxe2 9. Qxe2 e6 10. Nd2 {[%cal Bb1d2,Bd2f3,Bf3e5][%mdl 32]} Bd6 11. f4 O-O 12. Nf3 Be7 13. Ne5 Nd7 14. Qh5 {[%csl Gd3][%cal Rh5h7]} g6 15. Qh6 (15. Qe2 {keeps more tension.} Rc8 16. Bd2 Ncxe5 17. fxe5 Bg5 18. Rae1) 15... Bf6 16. Nf3 $40 {[%mdl 128] White attacks.} Bg7 17. Qh3 Nf6 18. Ne5 Nxe5 (18... Ne7 $11 {remains equal.}) 19. fxe5 $16 Nd7 20. Bh6 (20. a4 $1 $16) 20... Bxh6 21. Qxh6 b5 22. Rf3 {Threatens to win with Rh3.} f5 23. exf6 Nxf6 $2 (23... Rxf6 $16 24. Raf1 Qf8) 24. Raf1 Qe7 $2 (24... Ra7 25. Qe3 Raf7 26. Qxe6 Kg7) 25. Re1 $2 ({White should play} 25. Qg5 $18) 25... Rae8 $2 {[#]} (25... Ng4 $14 26. Qh3 Qg5) 26. Rfe3 $4 {[%mdl 8192]} (26. Bxg6 $1 $18 {[%mdl 512] was the only winning move.} hxg6 27. Qxg6+ Qg7 {[#]} 28. Rxf6 $1 {[%mdl 512]} Qxg6 29. Rxg6+ Kf7 30. Rg3) 26... Ne4 $4 {[%mdl 8192]} (26... Ng4 $19 {avoids the disaster.} 27. Qh3 Nxe3 28. Qxe3 Rf7) 27. Bxe4 $18 dxe4 28. Rxe4 Qf6 {( -> ...Qf2+)} 29. Qe3 e5 30. dxe5 Qf5 31. e6 Rf6 32. e7 Rf7 33. g3 Rexe7 $2 (33... Qd5 34. Qa7 Qd2) 34. Rxe7 Rxe7 35. Qxe7 {Accuracy: White = 48%, Black = 30%.} 1-0

[Event "Stay Safe Play From Home 363"]
[Site "Emanuel Lasker Arena"]
[Date "2020.08.06"]
[Round "9"]
[White "Padmaesh M K"]
[Black "Haris kollari 13"]
[Result "0-1"]
[WhiteElo "1829"]
[BlackElo "1863"]
[Annotator "NA RC"]
[PlyCount "92"]
[EventDate "2020.08.06"]
[EventType "swiss (blitz)"]

1. d4 {[%emt 0:00:03]} e6 {[%emt 0:00:01]} 2. Nf3 {[%emt 0:00:00]} d5 {[%emt 0:00:01]} 3. Nc3 {[%emt 0:00:03]} c5 {[%emt 0:00:01]} 4. e4 {[%emt 0:00:01]} Nc6 {[%emt 0:00:06]} 5. exd5 {[%emt 0:00:01]} exd5 {[%emt 0:00:01]} 6. Be3 {[%emt 0:00:02]} Bg4 {[%emt 0:00:04]} 7. Bb5 {[%emt 0:00:04]} Nf6 {[%emt 0:00:03]} 8. h3 {[%emt 0:00:02]} Bh5 {[%emt 0:00:02]} 9. g4 {[%emt 0:00:01]} Bg6 {[%emt 0:00:01]} 10. Ne5 {[%emt 0:00:01]} Qc7 {[%emt 0:00:01]} 11. Bf4 {[%emt 0:00:03]} Qb6 {[%emt 0:00:14]} 12. g5 {[%emt 0:00:10]} cxd4 {[%emt 0:00:04]} 13. gxf6 {[%emt 0:00:11]} dxc3 {[%emt 0:00:01]} 14. Qxd5 {[%emt 0:00:02]} Rd8 {[%emt 0:00:12]} 15. Qb3 {[%emt 0:00:15]} gxf6 {[%emt 0:00:04]} 16. Nxg6 {[%emt 0:00:04]} hxg6 {[%emt 0:00:02]} 17. O-O {[%emt 0:00:05]} Be7 {[%emt 0:00:11]} 18. Bxc6+ {[%emt 0:00:07]} Qxc6 {[%emt 0:00:04]} 19. Kh2 {[%emt 0:00:04]} cxb2 {[%emt 0:00:18]} 20. Rae1 {[%emt 0:00:03]} Kf8 {[%emt 0:00:07]} 21. Bg3 {[%emt 0:00:56]} Bd6 {[%emt 0:00:05]} 22. Qxb2 {[%emt 0:00:04]} Qd7 {[%emt 0:00:06]} 23. Bxd6+ {[%emt 0:00:11]} Qxd6+ {[%emt 0:00:02]} 24. f4 {[%emt 0:00:03]} Qd2+ {[%emt 0:00:06]} 25. Kg3 {[%emt 0:00:10]} Kg7 {[%emt 0:00:02]} 26. Qxb7 {[%emt 0:00:07]} Qxc2 {[%emt 0:00:10]} 27. Qf3 {[%emt 0:00:01]} Rd3 {[%emt 0:00:02]} 28. Re3 {[%emt 0:00:00]} Rhd8 {[%emt 0:00:03]} 29. Qe4 {[%emt 0:00:00]} Rxe3+ {[%emt 0:00:03]} 30. Qxe3 {[%emt 0:00:00]} Rd3 {[%emt 0:00:01]} 31. Rf3 {[%emt 0:00:02]} Rxe3 {[%emt 0:00:01]} 32. Rxe3 {[%emt 0:00:00]} Qxa2 {[%emt 0:00:01]} 33. Rf3 {[%emt 0:00:01]} a5 {[%emt 0:00:01]} 34. f5 {[%emt 0:00:00]} g5 {[%emt 0:00:01]} 35. h4 {[%emt 0:00:01]} a4 {[%emt 0:00:02]} 36. hxg5 {[%emt 0:00:00]} fxg5 {[%emt 0:00:01]} 37. f6+ {[%emt 0:00:01]} Kg6 {[%emt 0:00:01]} 38. Kg4 {[%emt 0:00:00]} Qe6+ {[%emt 0:00:02]} 39. Rf5 {[%emt 0:00:01]} Qxf5+ {[%emt 0:00:01]} 40. Kg3 {[%emt 0:00:00]} Qxf6 {[%emt 0:00:01]} 41. Kg2 {[%emt 0:00:00]} a3 {[%emt 0:00:01]} 42. Kg1 {[%emt 0:00:00]} a2 {[%emt 0:00:01]} 43. Kg2 {[%emt 0:00:00]} a1=Q {[%emt 0:00:01]} 44. Kh2 {[%emt 0:00:00]} Qa3 {[%emt 0:00:01]} 45. Kg2 {[%emt 0:00:00]} Qff3+ {[%emt 0:00:01]} 46. Kg1 {[%emt 0:00:00]} Qe2 {[%emt 0:00:01] Time Time Time Time Time (Lag: Av=0.45s, max=1.0s) (Lag: Av=0.45s, max=1.0s) (Lag: Av=0.45s, max=1.0s) (Lag: Av=0.45s, max=1.0s) (Lag: Av=0.45s, max=1.0s)} 0-1

[Event "Stay Safe Play From Home 363"]
[Site "Emanuel Lasker Arena"]
[Date "2020.08.06"]
[Round "9"]
[White "Joroger"]
[Black "Chesstiger9"]
[Result "0-1"]
[WhiteElo "1806"]
[BlackElo "1967"]
[Annotator "TA"]
[PlyCount "30"]
[EventDate "2020.08.06"]
[EventType "swiss (blitz)"]

{[%evp 20,30,68,60,83,77,93,89,103,52,73,33,47]} 1. d4 Nf6 2. c4 e6 3. Nf3 d5 4. Nc3 c6 5. e3 Nbd7 6. Bd3 Bd6 7. O-O O-O 8. e4 dxe4 9. Nxe4 Nxe4 10. Bxe4 f5 11. Bc2 h6 {D46: Semi-Slav: 5 e3 Nbd7 6 Bd3, Black avoids the Meran.} 12. Qe2 Qf6 13. Re1 Re8 {[#]} 14. b3 $146 (14. Bd2 $16) ({Predecessor:} 14. c5 Bc7 15. Bd2 b6 16. b4 Bb7 17. Bb3 Kh8 18. Rac1 b5 19. Bc3 Qg6 20. Qd2 {1-0 (66) Palma,M (1911)-Waszczuk,P (1859) Prague 2016}) 14... e5 15. dxe5 Nxe5 {[%mdl 32768] White got outplayed after the opening. Loss on time!?} 0-1